000 01476nab a22002657a 4500
999 _c6044
_d6044
003 OSt
005 20260118213306.0
008 190605e xxu||||| |||| 00| 0 spa d
040 _cPJ
100 _95286
_aRodríguez, Sergio Omar
245 1 0 _aReparación del daño por clandestinidad laboral tras la ley 27.742. Análisis del fallo Vasold /
_cSergio Omar Rodríguez.
260 _aCiudad Autónoma de Buenos Aires :
_bThomson Reuters La Ley,
_c2025.
300 _ap. 97-107
500 _aCita: TR LALEY AR/DOC/2679/2025.
505 _aSumario: I. Introducción.— II. Antecedentes del caso.— III. Marco normativo y debate constitucional.— IV. La reparación integral en el derecho del trabajo.— V. Extensión de responsabilidad a los socios y desestimación de la personalidad jurídica.— VI. Valoración crítica del precedente.— VII. A modo de colofón.
505 _aFallo comentado: JNTrab. Nro. 77 ~ 08/09/2025 ~ Vasold, Vanesa Soledad c. MPV Construcciones S.R.L. y otros s/ despido.
505 _t¿Te interesa el texto completo? Solicitalo al correo: koha@justierradelfuego.gov.ar
650 0 _91316
_aDERECHO LABORAL
650 0 _91533
_aDESPIDO
650 0 _91534
_aINDEMNIZACION POR DESPIDO
650 0 _93327
_aDAÑO MATERIAL
650 0 _aDAÑO EXTRAPATRIMONIAL
773 0 _02711
_93168
_dCiudad Autónoma de Buenos Aires : Thomson Reuters La Ley, 1999-2002.
_tRevista de derecho del trabajo. Nº 6 - Noviembre 2025
942 _2udc
_cANA